[Event "Oberliga Bayern 1920"]
[Site "Bayern"]
[Date "2020.02.09"]
[Round "6.6"]
[White "Just, Hannes"]
[Black "Kern, Johannes"]
[Result "0-1"]
[WhiteElo "2105"]
[BlackElo "2156"]
[PlyCount "51"]
[EventDate "2019.10.20"]
[EventType "team-tourn"]
[EventRounds "9"]
[EventCountry "GER"]
[SourceTitle "EXT 2022"]
[Source "ChessBase"]
[SourceDate "2021.10.06"]
[SourceVersion "1"]
[SourceVersionDate "2021.10.06"]
[SourceQuality "1"]
[WhiteTeam "Nuernberg Sued SW"]
[BlackTeam "Trostberg"]
[WhiteTeamCountry "GER"]
[BlackTeamCountry "GER"]

1. e4 d6 2. d4 Nf6 3. Nc3 e5 4. Nf3 Nbd7 5. Bc4 Be7 6. 0-0 0-0 7. Re1 c6 8. a4 b6 9. h3 a6 10. Ba2 Rb8 11. Qd3 b5 12. axb5 axb5 13. b4 Qc7 14. Bb3 h6 15. Be3 Re8 16. Nh4 exd4 17. Bxd4 Ne5 18. Qf1 Nh7 19. Ra7 Rb7 20. Rxb7 Qxb7 21. Nf5 Bxf5 22. exf5 Qc8 23. f4 Nd7 24. Bf2 Ndf6 25. Qd3 d5 26. Bc5 0-1

[Event "Oberliga Bayern 1718"]
[Site "Bayern"]
[Date "2017.12.10"]
[Round "4.4"]
[White "Berchtenbreiter, Maximilian"]
[Black "Kern, Johannes"]
[Result "1-0"]
[WhiteElo "2377"]
[BlackElo "2235"]
[PlyCount "51"]
[EventDate "2017.10.22"]
[EventType "team-tourn"]
[EventRounds "9"]
[EventCountry "GER"]
[SourceTitle "EXT 2020"]
[Source "ChessBase"]
[SourceDate "2019.10.17"]
[SourceVersion "1"]
[SourceVersionDate "2019.10.17"]
[SourceQuality "1"]
[WhiteTeam "Muenchen 36"]
[BlackTeam "Pang/Rosenheim"]
[WhiteTeamCountry "GER"]
[BlackTeamCountry "GER"]

1. e4 c5 2. Nf3 e6 3. Nc3 a6 4. d4 cxd4 5. Nxd4 Qc7 6. Bd3 Nf6 7. Qe2 d6 8. 0-0 b5 9. Bd2 Bb7 10. Kh1 Be7 11. f4 Nbd7 12. b4 0-0 13. a4 bxa4 14. Rxa4 Qb6 15. Nb3 e5 16. Na5 Bc8 17. g4 Nb8 18. g5 Nfd7 19. f5 Qd8 20. Qg2 Re8 21. Nd5 Nb6 22. Nxb6 Qxb6 23. Bc4 Bf8 24. g6 Ra7 25. Qh3 Qd8 26. Qxh7# 1-0

[Event "Regionalliga SO 1314"]
[Site "Bayern"]
[Date "2014.01.19"]
[Round "5.3"]
[White "Kern, Johannes"]
[Black "Krstic, Petar"]
[Result "0-1"]
[WhiteElo "2212"]
[BlackElo "2319"]
[PlyCount "66"]
[EventDate "2013.10.13"]
[EventType "team-tourn"]
[EventRounds "9"]
[EventCountry "GER"]
[SourceTitle "EXT 2015"]
[Source "ChessBase"]
[SourceDate "2014.11.20"]
[SourceVersion "1"]
[SourceVersionDate "2014.11.20"]
[SourceQuality "1"]
[WhiteTeam "Trostberg"]
[BlackTeam "Deggendorf"]
[WhiteTeamCountry "GER"]
[BlackTeamCountry "GER"]

1. e3 g6 2. f4 Bg7 3. Nf3 c5 4. Be2 Nc6 5. 0-0 d6 6. Nc3 e6 7. Ne4 c4 8. Rb1 d5 9. Nf2 Qa5 10. a3 Nge7 11. d3 cxd3 12. Bxd3 0-0 13. c4 dxc4 14. Bxc4 b5 15. b4 Qb6 16. Ba2 a5 17. bxa5 Rxa5 18. Qb3 Qa7 19. Nd3 Nd5 20. Nde5 Nxe5 21. Nxe5 Bb7 22. Rf2 Rc8 23. Qd3 Qc5 24. Bxd5 Qxd5 25. Qxd5 Bxd5 26. Bb2 Ra7 27. Rd2 h5 28. Bd4 Rb7 29. Rdb2 Bf8 30. a4 b4 31. a5 Ra8 32. Bb6 b3 33. Rc1 Ba3 0-1

[Event "Basel op"]
[Site "Basel"]
[Date "2014.01.03"]
[Round "4"]
[White "Kern, Johannes"]
[Black "Kurayan, Ruslan"]
[Result "1-0"]
[WhiteElo "2280"]
[BlackElo "2411"]
[PlyCount "61"]
[EventDate "2014.01.01"]
[EventType "swiss"]
[EventRounds "7"]
[EventCountry "SUI"]
[SourceTitle "CBM 158 Extra"]
[Source "ChessBase"]
[SourceDate "2014.02.28"]
[SourceVersion "1"]
[SourceVersionDate "2014.02.28"]
[SourceQuality "1"]

1. e3 Nf6 2. f4 g6 3. Nf3 Bg7 4. Be2 0-0 5. 0-0 d6 6. d3 c5 7. Nc3 Nc6 8. Qe1 Rb8 9. Qh4 b5 10. Nd1 Nb4 11. Ne1 e6 12. e4 Nd7 13. Qh3 f5 14. Ne3 Nf6 15. c3 Nxd3 16. Nxd3 fxe4 17. Nf2 e5 18. Qh4 exf4 19. Qxf4 Qe7 20. Rd1 Rb6 21. Qg5 Bb7 22. a4 d5 23. axb5 Qf7 24. Nfg4 Nxg4 25. Nxg4 h5 26. Rf1 Qe8 27. Be3 d4 28. Rxf8+ Qxf8 29. Bc4+ Kh7 30. Rf1 Qd6 31. Rf7 1-0

[Event "Basel op"]
[Site "Basel"]
[Date "2014.01.02"]
[Round "3"]
[White "Hess, Max"]
[Black "Kern, Johannes"]
[Result "1/2-1/2"]
[WhiteElo "2005"]
[BlackElo "2280"]
[PlyCount "37"]
[EventDate "2014.01.01"]
[EventType "swiss"]
[EventRounds "7"]
[EventCountry "SUI"]
[SourceTitle "CBM 158 Extra"]
[Source "ChessBase"]
[SourceDate "2014.02.28"]
[SourceVersion "1"]
[SourceVersionDate "2014.02.28"]
[SourceQuality "1"]

1. e4 e6 2. d4 d5 3. Nc3 Bb4 4. Nge2 dxe4 5. a3 Be7 6. g4 h6 7. Bg2 Nf6 8. h3 Nbd7 9. Ng3 c5 10. Ncxe4 Qb6 11. dxc5 Nxc5 12. Be3 Nfxe4 13. Nxe4 Qc7 14. Nxc5 Bxc5 15. Bxc5 Qxc5 16. Qe2 Bd7 17. 0-0-0 Bc6 18. Bxc6+ Qxc6 19. f4 1/2-1/2

[Event "Regionalliga SO 1213"]
[Site "Bayern"]
[Date "2013.03.17"]
[Round "8.3"]
[White "Bielmeier, Ludwig"]
[Black "Kern, Johannes"]
[Result "0-1"]
[WhiteElo "1988"]
[BlackElo "2204"]
[PlyCount "74"]
[EventDate "2012.10.14"]
[EventType "team-tourn"]
[EventRounds "9"]
[EventCountry "GER"]
[SourceTitle "EXT 2015"]
[Source "ChessBase"]
[SourceDate "2014.11.20"]
[SourceVersion "1"]
[SourceVersionDate "2014.11.20"]
[SourceQuality "1"]
[WhiteTeam "Deggendorf"]
[BlackTeam "Trostberg"]
[WhiteTeamCountry "GER"]
[BlackTeamCountry "GER"]

1. Nf3 e6 2. c4 f5 3. g3 Nf6 4. Bg2 Be7 5. 0-0 0-0 6. d3 Nc6 7. Nc3 d6 8. e4 e5 9. h3 Qe8 10. Nh4 fxe4 11. dxe4 Nd4 12. Be3 c5 13. Bxd4 cxd4 14. Nb5 Qd8 15. Nf5 Be6 16. Qe2 Qd7 17. Kh2 a6 18. Na3 Bd8 19. Rac1 Rc8 20. Nb1 Rc7 21. Nh4 Qe8 22. Nd2 Nh5 23. Ndf3 g6 24. c5 dxc5 25. Qd2 Bf6 26. Qa5 Qc6 27. b4 b6 28. Qxa6 Ra8 29. Qd3 c4 30. Qd2 Qd7 31. Ng5 c3 32. Nxe6 cxd2 33. Rxc7 Qxe6 34. Rd1 Bxh4 35. gxh4 Rxa2 36. Bf3 Nf4 37. Bg4 Qd6 0-1

[Event "Regionalliga SO 1213"]
[Site "Bayern"]
[Date "2013.02.24"]
[Round "7.3"]
[White "Vidonyak, Nellya"]
[Black "Kern, Johannes"]
[Result "1/2-1/2"]
[WhiteElo "2043"]
[BlackElo "2204"]
[PlyCount "128"]
[EventDate "2012.10.14"]
[EventType "team-tourn"]
[EventRounds "9"]
[EventCountry "GER"]
[SourceTitle "EXT 2015"]
[Source "ChessBase"]
[SourceDate "2014.11.20"]
[SourceVersion "1"]
[SourceVersionDate "2014.11.20"]
[SourceQuality "1"]
[WhiteTeam "Tegernsee"]
[BlackTeam "Trostberg"]
[WhiteTeamCountry "GER"]
[BlackTeamCountry "GER"]

1. b3 f5 2. g3 Nf6 3. Bb2 e6 4. Bg2 Be7 5. Nf3 0-0 6. 0-0 d6 7. c4 Qe8 8. Nc3 Qh5 9. Nd4 e5 10. Nd5 Bd8 11. Nxf6+ Rxf6 12. Bf3 Qg6 13. Bd5+ Kh8 14. Nf3 c6 15. Nh4 Qe8 16. Bg2 Rh6 17. f4 Bxh4 18. gxh4 Rxh4 19. Qe1 Rg4 20. Kh1 Nd7 21. Bh3 Rxf4 22. Rxf4 exf4 23. Qh4 Ne5 24. Qxf4 c5 25. Bg2 Qe7 26. Rg1 Ng6 27. Qh6 Be6 28. Bf3 Kg8 29. Qe3 Re8 30. Rg2 Bf7 31. Qg1 Rd8 32. Rg5 d5 33. cxd5 Rxd5 34. d3 Rd7 35. Rxf5 b6 36. Bc6 Rd6 37. Be4 Be8 38. Rf1 Bc6 39. Bxc6 Rxc6 40. Qg4 Rd6 41. Qf3 Rd8 42. b4 cxb4 43. Rg1 Qd7 44. d4 Rf8 45. Qb3+ Kh8 46. d5 Qf5 47. Qc4 Rd8 48. Rd1 Nf4 49. d6 Ne6 50. Rg1 Rxd6 51. Qc8+ Rd8 52. Bxg7+ Kg8 53. Bb2+ Kf8 54. Bg7+ Ke7 55. Qb7+ Rd7 56. Qg2 Nc5 57. Rf1 Qe4 58. Bf8+ Ke6 59. Qxe4+ Nxe4 60. Bxb4 a5 61. Be1 Rd1 62. Kg2 Ra1 63. Bh4 Rxf1 64. Kxf1 Nc3 1/2-1/2

[Event "Regionalliga SO 0910"]
[Site "Bayern"]
[Date "2010.01.24"]
[Round "5.3"]
[White "Kern, Johannes"]
[Black "Bielmeier, Ludwig"]
[Result "1/2-1/2"]
[WhiteElo "2182"]
[BlackElo "2041"]
[PlyCount "71"]
[EventDate "2009.10.18"]
[EventType "team-tourn"]
[EventRounds "9"]
[EventCountry "GER"]
[SourceTitle "EXT 2011"]
[Source "ChessBase"]
[SourceDate "2010.11.26"]
[SourceVersion "1"]
[SourceVersionDate "2010.11.26"]
[SourceQuality "1"]
[WhiteTeam "Trostberg"]
[BlackTeam "Deggendorf"]
[WhiteTeamCountry "GER"]
[BlackTeamCountry "GER"]

1. d4 Nf6 2. Nf3 g6 3. Nc3 d5 4. Bf4 Bg7 5. Qd2 Ne4 6. Nxe4 dxe4 7. Ne5 0-0 8. e3 Be6 9. 0-0-0 Nd7 10. Nc4 c5 11. Kb1 b5 12. Na5 Qb6 13. d5 Bg4 14. Rc1 Ne5 15. h3 Bf5 16. Be2 Rad8 17. Rhd1 Rfe8 18. Bxe5 Bxe5 19. Nc6 Be6 20. Nxd8 Rxd8 21. c4 bxc4 22. Bxc4 Bxd5 23. b3 e6 24. Qc2 Bg7 25. a3 Qd6 26. Ka2 Qe5 27. Rd2 Rd7 28. Rcd1 Bc6 29. Rxd7 Bxd7 30. Qb1 Qf5 31. Qc2 Qe5 32. Qc1 Qc7 33. Qd2 Qe5 34. a4 Bf6 35. a5 Bc6 36. Qc2 1/2-1/2